00250nam a2200109Ia 4500008004100000100001800041245002400059260002100083650001200104942000700116999001700123190216s9999||||xx |||||||||||||| ||und|| aNamboodiripad 0aRailway Engineering bBhasha Institute aPhysics cBK c39556d39556